| 000 | 00744nas a2200229 4500 | ||
|---|---|---|---|
| 001 | BR9604810 | ||
| 003 | BR-BrBNA | ||
| 005 | 20231205095807.0 | ||
| 007 | ta | ||
| 008 | 230509b bl.|||p| |||| 00| 00por d | ||
| 040 |
_aBR-BrBNA _bpor _cBiblioteca Nacional de Agricultura |
||
| 041 | _a(Pt) | ||
| 072 | _aN10 | ||
| 100 | 1 | _aCarvalho, C.A.T. de | |
| 100 | 1 | _aTarga, L.A. | |
| 245 | 1 | _aMetodo russo para o calculo das reacoes do solo na fundacao de postes com secao circular: ajustamento da tensao extrema na base | |
| 650 | _aEletrificacao Rural | ||
| 650 | _aPoste | ||
| 773 | 0 |
_tEnergia na Agricultura (Brazil) _xISSN 0102-9169 _g(1995), v. 10(3) p. 1-13 _wBR9604810 |
|
| 909 |
_a202311 _bLúcia _c55 _dLúcia Elande |
||
| 942 |
_2AGRIS _n0 _cANA |
||
| 999 |
_c152749 _d152749 |
||